000 00521nam a2200169 i 4500
001 95492
003 ES-MaACL
005 20230906181722.0
007 t|
008 050530s1968 sp ||||1| spa d
100 1 _aLlaugé Dausá, Félix.
_972729
245 1 0 _aRusia en el espacio
_b: programa Vostok /
_cFélix Llaugé Dausá; dibujos de A. Paradis.
260 _aBarcelona :
_bTelstar,
_c1968.
300 _a176 p., 8 lám. :
_bil. ;
_c20 cm.
700 1 _aParadis, A.
_988916
852 _aES-MaACL
_jC-34754
_bR.67207
999 _c95492
_d95492